Jobs by Teddy Bears Quiz Stats

 Plays Quiz Updated Aug 23, 2017

Also try: Hobby Teddy Bears
Challenge
Share
Tweet
Score 0/15 Timer 02:00
8 Plays Today
% Correct
Painter
97.6%
Rock Star
97%
Soldier
96.9%
Clown
96.9%
Police Officer
96.6%
Chef
96.5%
Firefighter
96.1%
Judge
95.9%
% Correct
Waiter
95.5%
Pilot
95.1%
Optometrist
95%
Construction Worker
94.9%
Mail Carrier
94.5%
Mechanic
93.7%
Surgeon
93%

You're not logged in!

Compare scores with friends on all Sporcle quizzes.
Join for Free
OR
Log In

You Might Also Like...

Show Comments

Extras

Top Quizzes Today


Score Distribution

Your Account Isn't Verified!

In order to create a playlist on Sporcle, you need to verify the email address you used during registration. Go to your Sporcle Settings to finish the process.

Report this User

Report this user for behavior that violates our Community Guidelines.

Details: